Last Lines of Famous TV Shows - Statistics

General Stats
  • This quiz has been taken 142 times
    84 since last reset
  • The average score is 4 of 25
Answer Stats
Quote TV Show % Correct
"Where?" Friends
91%
"Sorry, we're closed." Cheers
51%
"Yeah, maybe we have." Seinfeld
41%
"I went ahead and ordered some for the table." The Sopranos
40%
"Wish me luck." Frasier
26%
"Class dismissed." Boy Meets World
25%
"Let's go find out." Lost
21%
"Yeah, (title character), what are we gonna do now?" Buffy the Vampire Slayer
15%
"I'm pregnant." Gilmore Girls
15%
"There's a lot of beauty in ordinary things. Isn't that kinda the point." The Office
15%
"You can't take a picture of this, it's already gone." Six Feet Under
13%
"Oh, my god." Dallas
10%
"See the world not as it is, but how it should be." Glee
10%
"How about that, I actually graduated high school." Saved by the Bell
10%
"I am definitely gonna miss you, C." The Fresh Prince of Bel-Air
10%
"I do." Futurama
9%
"Yes, I'm ready." Parks and Recreation
7%
"Just like it always is." Full House
6%
"Bang." Cowboy Bebop
4%
"So. Five card stud, nothing wild. And the sky's the limit." Star Trek: The Next Generation
4%
"Shut him down." 24
3%
"Tomorrow." The West Wing
3%
"It's beautiful." Hannibal
1%
"Who's to say this isn't what happens? Who's to say my fantasies won't come true, just this once?" Scrubs
1%
"Yeah. Let's go." Friday Night Lights
0%
No matching quizzes found
Score Distribution
Percent of People with Each Score
Percentile by Number Answered
Your Score History
You have not taken this quiz since the last reset